Culture Générale - Série 1667 - Statistiques

Statistiques générales
  • Ce quiz a été pris 89 fois
  • Le résultat moyen est 6 sur 10
Statistiques - réponses
Question Réponse % Correct
Lorsqu'un couple souhaite se marier, il doit l'annoncer publiquement en publiant les... bans
82%
Quel titan a été condamné par Zeus à à soutenir la voûte céleste pour l'éternité ? Atlas
81%
De quelle année date la loi Veil autorisant l’interruption volontaire de grossesse ? 1975
79%
Sous quel pseudonyme l’écrivain et philosophe François-Marie Arouet (1694-1778) est-il plus connu ? Voltaire
78%
Quel est le nom de famille du prince monégasque Albert II ? Grimaldi
73%
Quel président français a accepté l’entrée du Royaume-Uni dans la communauté européenne ? Georges Pompidou
69%
Sur quelle île du Japon se situe la ville de Nagano ? Honshu
47%
À quel dessinateur doit-on Le Grand Duduche et Mon beauf ? Cabu
37%
Quel docteur italien en chimie a relaté dans un livre " Si c'est un homme", son expérience dans le camp de concentration d'Auschwitz ? Primo Levi
37%
De quel sculpteur français, prénommé Auguste, Rose Beuret fut-elle la compagne, puis l'épouse, jusqu'à sa mort, en 1917 ? Auguste Rodin
26%
Aucun quiz correspondant
Distribution des résultats
% des personnes avec chaque résultat
Percentile par nombre de réponses
Votre historique - résultats
Vous n’avez pas pris ce quiz